Thousands of manifestations of Gautama the Buddha : (Record no. 52542)

MARC details
000 -LEADER
fixed length control field 00606nam a2200193Ia 4500
005 - DATE AND TIME OF LATEST TRANSACTION
control field 20260429112133.0
008 - FIXED-LENGTH DATA ELEMENTS--GENERAL INFORMATION
fixed length control field 260429s9999||||xx |||||||||||||| ||und||
020 ## - INTERNATIONAL STANDARD BOOK NUMBER
International Standard Book Number 9789391985813
041 ## - LANGUAGE CODE
Language English
082 ## - DEWEY DECIMAL CLASSIFICATION NUMBER
Classification number 294.382
Item number RAY
100 ## - MAIN ENTRY--PERSONAL NAME
Personal name Ray Archana
245 #0 - TITLE STATEMENT
Title Thousands of manifestations of Gautama the Buddha :
Remainder of title first time a critical appreciation of the Buddha-Nama-Samgiti from Tibetan-Sanskrit manuscripts /
Statement of responsibility, etc Ray Archana
250 ## - EDITION STATEMENT
Edition statement 1st ed.
260 ## - PUBLICATION, DISTRIBUTION, ETC. (IMPRINT)
Place of publication, distribution, etc Delhi :
Name of publisher, distributor, etc Buddhist World Press,
Date of publication, distribution, etc 2026.
300 ## - PHYSICAL DESCRIPTION
Extent ix, 486 p.; hb
650 ## - SUBJECT ADDED ENTRY--TOPICAL TERM
Topical term or geographic name as entry element Mantra
650 ## - SUBJECT ADDED ENTRY--TOPICAL TERM
Topical term or geographic name as entry element Buddha
942 ## - ADDED ENTRY ELEMENTS (KOHA)
Koha item type Text Books
Holdings
Withdrawn status Lost status Damaged status Not for loan Collection code Home library Location Shelving location Date of Cataloging Source of acquisition Total Checkouts Full call number Barcode Date last seen Price effective from Koha item type
        Non-fiction CUTN Central Library CUTN Central Library Religion 29/04/2026 TBH Library Book Suppliers, Chennai - Invoice No. SINV00732 on 09-02-2026   294.382 RAY 57645 29/04/2026 29/04/2026 Text Books